| 000 | 00460nam a22001697a 4500 | ||
|---|---|---|---|
| 003 | URS | ||
| 005 | 20220114171659.0 | ||
| 008 | 170328b xxu||||| |||| 00| 0 eng d | ||
| 020 | _a0070608911 | ||
| 050 |
_aHF5415 _bS745 1981 |
||
| 100 |
_aStanton, William J. _4author |
||
| 245 |
_aFundamentals of marketing _cWilliam J. Stanton |
||
| 250 | _aSixth Edition | ||
| 260 |
_aNew York: _bMcGraw-Hill, _c1981 |
||
| 300 |
_axvii, 604 pages _c22 cm. |
||
| 942 |
_cFR _2lcc |
||
| 999 |
_c14476 _d14476 |
||